000 00525nam a22001817a 4500
005 20251108164735.0
008 250721s1986 xx 000 0 ara d
082 1 4 _a812.962/محم
100 1 _aدياب، محمود
245 1 0 _aالهلافيت :
_bكوميديا ريفية /
264 1 _aالقاهرة :
_bدار الهلال،
_c1986.
300 _a145ص
490 0 _aروايات الهلال ؛ 454
650 1 7 _aالمسرحيات العربية
650 1 7 _aمصر
942 _2ddc
_cBK
999 _c13195
_d13195